LEADER 01854nam a22005415a 4500
001 CEM.cems018545
005 20160928112451.0
008 130507b######################000#0#####d
003 CEMS
020 |a 9789876550604 
082 0 4 |a 338.9 
100 1 |a Loewy, Tomás 
245 1 0 |a Buenas prácticas agrícolas con desarrollo local para el sudoeste bonaerense /  |c Tomás Loewy ... [et Al.] 
260 |a Bahía Blanca :  |b Ediuns. 2015 
300 |a 101 p. 
490 0 |a Colección Ciencia y Tecnología. Serie Extensión 
505 0 |a Con la historia en nuestra memoria : revisemos nuestro presente -- Transiciones hacia otra ruralidad en el sudoeste bonaerense -- Guía operativa, preliminar, de buenas prácticas agrícolas (BPA) 
653 |a Bpa 
653 |a Buenas prácticas agrícolas 
653 |a Sudoeste bonaerense 
653 |a Labranza 
653 |a Suelos-fertilidad 
653 |a Producción pecuaria 
653 |a Control de plagas 
653 |a Control de malezas 
653 |a Sistema de producción ganadero 
653 |a Desarrollo de bpa 
653 |a Práctica de barbecho 
653 |a Labranza mínima 
653 |a Fijación de áreas medanosas 
653 |a Erosión eólica 
653 |a Rotación de cultivos 
653 |a Uso de leguminosas 
653 |a Fertilización balanceada 
653 |a Cadena forrajera-planificación 
653 |a Uso de forrajes 
653 |a Uso de pasturas 
653 |a Pastizales 
653 |a Reducción de lactancia 
653 |a Forestación 
653 |a Bienestar animal 
653 |a Control de plagas 
700 1 |a Milano, Fernando A. 
700 1 |a Angeles, Guillermo R. 
700 1 |a Saldungaray, M. Cecilia 
700 1 |a Campaña, Domingo H. 
700 1 |a Alamo, Matías A. 
859 |a CEMS  |b BIB. CEMS - Agricultura  |h 338.9  |i L826  |p A2866.16  |t Ej.1